Khảo sát thành phần loài copepoda trong ao nuôi cá nước ngọt khu vực Bố Trạch-Quảng Bình Khóa luận tốt nghiệp
Giới thiệu về điều kiện tự nhiên, khí hậu; tình hình nuôi cá nước ngọt; tổng quan về lớp phụ giáp xác chân mái chèo copepod và sự biến động các yếu tố môi trường nước như PH, NH3, nhiệt độ…
Đã lưu trong:
| Tác giả chính: | |
|---|---|
| Định dạng: | Sách |
| Năm xuất bản: |
Quảng Bình
Trường Đại học Quảng Bình
2017
|
| Chủ đề: | |
| Tags: |
Thêm thẻ
Không có thẻ, Hãy là người đầu tiên gắn thẻ bản ghi này!
|
| LEADER | 01056nam a2200193 4500 | ||
|---|---|---|---|
| 999 | |c 14922 |d 14922 | ||
| 082 | |a 639.31 |b C108TH | ||
| 100 | |a Cao Thị Tưởng | ||
| 245 | |a Khảo sát thành phần loài copepoda trong ao nuôi cá nước ngọt khu vực Bố Trạch-Quảng Bình |c Cao Thị Tưởng; Phan Thị Mỹ Hạnh hướng dẫn |b Khóa luận tốt nghiệp | ||
| 260 | |a Quảng Bình |b Trường Đại học Quảng Bình |c 2017 | ||
| 300 | |a 33tr. |c 29cm | ||
| 520 | |a Giới thiệu về điều kiện tự nhiên, khí hậu; tình hình nuôi cá nước ngọt; tổng quan về lớp phụ giáp xác chân mái chèo copepod và sự biến động các yếu tố môi trường nước như PH, NH3, nhiệt độ… | ||
| 653 | |a Nuôi trồng thủy sản | ||
| 653 | |a Cá nước ngọt | ||
| 653 | |a Loài copepoda | ||
| 653 | |a Ao nuôi cá | ||
| 653 | |a Khóa luận | ||
| 942 | |2 ddc |c KL | ||
| 952 | |0 0 |1 0 |2 ddc |4 0 |6 639_310000000000000_C108TH |7 0 |8 600 |9 113410 |a qbu |b qbu |c D1 |d 2017-10-12 |o 639.31 C108TH |p LA665.c1 |r 2017-10-12 |w 2017-10-12 |y KL | ||